ARCA Menards/Series Champions (1979-Present) - Statistics

General Stats
  • This quiz has been taken 14 times
  • The average score is 23 of 46
Answer Stats
Season Champion % Correct
2013 Frank Kimmel
100%
2007 Frank Kimmel
100%
2006 Frank Kimmel
100%
2005 Frank Kimmel
100%
2004 Frank Kimmel
100%
2003 Frank Kimmel
100%
2002 Frank Kimmel
100%
2001 Frank Kimmel
100%
2000 Frank Kimmel
100%
1998 Frank Kimmel
100%
2024 Andres Perez de Lara
86%
2023 Jesse Love
86%
2022 Nick Sanchez
86%
2021 Ty Gibbs
86%
2020 Bret Holmes
71%
2012 Chris Buescher
71%
2019 Christian Eckes
57%
2018 Sheldon Creed
57%
1989 Bob Keselowski
43%
2016 Chase Briscoe
43%
2008 Justin Allgaier
43%
1997 Tim Steele
43%
1996 Tim Steele
43%
1993 Tim Steele
43%
2011 Ty Dillon
43%
1995 Andy Hillenburg
29%
2017 Austin Theriault
29%
1984 Bob Dotter
29%
1983 Bob Dotter
29%
1980 Bob Dotter
29%
2015 Grant Enfinger
29%
1979 Marvin Smith
29%
2014 Mason Mitchell
29%
2010 Patrick Sheltra
29%
1999 Bill Baird
14%
1991 Bill Venturini
14%
1987 Bill Venturini
14%
1990 Bob Brevak
14%
1994 Bobby Bowsher
14%
1992 Bobby Bowsher
14%
2009 Justin Lofton
14%
1981 Larry Moyer
14%
1986 Lee Raymond
14%
1985 Lee Raymond
14%
1982 Scott Stovall
14%
1988 Tracy Leslie
14%
No matching quizzes found
Score Distribution
Percent of People with Each Score
Percentile by Number Answered
Your Score History
You have not taken this quiz